Juraj Jakubčiak : 2007-2010

Hlavní autor: Jakubčiak, Juraj, 1985-
Korporativní autor: Galerie výtvarného umění (Ostrava, Česko). Nová síň
Jazyk: Čeština
Angličtina
Vydáno: V Ostravě : Galerie výtvarného umění v Ostravě, c2010
Témata:
Fyzický popis: [30] s. : il. (převážně barev.) ; 23 cm
Language note: Souběžný anglický text
Knihy
Uloženo v:
LEADER 02009nam a2200529 a 4500
001 nkc20102107281
003 CZ PrNK
005 20100701082021.0
007 ta
008 100519s2010 xr a e c 000 0dcze
015 |a cnb002107281 
020 |a 978-80-87405-01-7  |q (brož.) 
035 |a (OCoLC)649802896 
040 |a OLA001  |b cze  |d ABA001 
041 1 |a cze  |a eng  |h cze 
043 |a e-xo--- 
045 |a y0y0 
072 7 |a 75  |x Malířství  |2 Konspekt  |9 21 
080 |a 75(437.6)  |2 MRF 
080 |a 75.036/.038  |2 MRF 
080 |a 7.038.55  |2 MRF 
080 |a (437.6)  |2 MRF 
080 |a (083.824)  |2 MRF 
100 1 |a Jakubčiak, Juraj,  |d 1985-  |7 jo2010578322  |4 art 
245 1 0 |a Juraj Jakubčiak :  |b 2007-2010 
246 3 |a Juraj Jakubčiak 2007-2010 
260 |a V Ostravě :  |b Galerie výtvarného umění v Ostravě,  |c c2010 
300 |a [30] s. :  |b il. (převážně barev.) ;  |c 23 cm 
500 |a Pub. vydána u příležitosti výstavy U = (f + e)x pořádané Galerií výtvarného umění v Ostravě v Nové síni Poruba, 14.5.-5.6.2010 
500 |a Životopisná data, přehled výstav 
546 |a Souběžný anglický text 
600 1 7 |a Jakubčiak, Juraj,  |d 1985-  |7 jo2010578322  |2 czenas 
648 7 |a 2007-2010  |7 ch969074  |2 czenas 
650 0 7 |a slovenské malířství  |7 ph125672  |y 21. století  |2 czenas 
650 0 7 |a moderní malířství  |7 ph122940  |z Slovensko  |2 czenas 
650 0 7 |a instalace (umění)  |7 ph121119  |z Slovensko  |2 czenas 
650 0 9 |a Slovak painting  |y 21st century  |2 eczenas 
650 0 9 |a modern painting  |z Slovakia  |2 eczenas 
650 0 9 |a installations (art)  |z Slovakia  |2 eczenas 
655 7 |a katalogy výstav  |7 fd132536  |2 czenas 
655 9 |a exhibition catalogs  |2 eczenas 
710 2 |a Galerie výtvarného umění (Ostrava, Česko).  |b Nová síň  |7 kn20060308091 
910 2 |a BOA001  |b 2-1241.630 
990 |a BK 
995 |a 01 
991 |b 201006  |c NOV 
996 6 |b 2610438605  |c 2-1241.630  |l MZK  |r Sklad / do 1 hodiny  |n 0  |p p.v.  |w 001125306  |u 000010  |a 1  |e BOA001  |j MZK50  |s P